Informe que acerca de la reforma del plan y reglamento de estudios, y en cumplimiento de la Real Orden Circular de 4 de octubre de 1855, ha elevado al Excmo. Señor Ministro de Gracia y Justicia el Excmo. Señor Marqués de Morante. (Record no. 160143)
[ view plain ]
| 000 -LEADER | |
|---|---|
| campo de control de longitud fija | 00899nam a22001695i 4500 |
| 001 - NÚMERO DE CONTROL | |
| campo de control | 160143 |
| 003 - IDENTIFICADOR DE NÚMERO DE CONTROL | |
| campo de control | ES-MaACL |
| 005 - FECHA Y HORA DE LA ÚLTIMA TRANSACCIÓN | |
| campo de control | 20250718042051.0 |
| 008 - DATOS DE LONGITUD FIJA--INFORMACIÓN GENERAL | |
| campo de control de longitud fija | 970902s1853 sp |||| | spa d |
| 100 1# - ENTRADA PRINCIPAL--NOMBRE DE PERSONA | |
| Nombre de persona | Gómez de la Cortina, Joaquín |
| Títulos y otros términos asociados al nombre | Marqués de Morante ( |
| Fechas asociadas al nombre | 1805-1868) |
| 9 (RLIN) | 57894 |
| 245 10 - MENCIÓN DEL TÍTULO | |
| Título | Informe que acerca de la reforma del plan y reglamento de estudios, y en cumplimiento de la Real Orden Circular de 4 de octubre de 1855, ha elevado al Excmo. Señor Ministro de Gracia y Justicia el Excmo. Señor Marqués de Morante. |
| 260 ## - PUBLICACIÓN, DISTRIBUCIÓN, ETC. | |
| Lugar de publicación, distribución, etc. | Madrid : |
| Nombre del editor, distribuidor, etc. | [s.n.], |
| Fecha de publicación, distribución, etc. | 1853 ( |
| Fabricante | Imp. de José M. Ducazcal) |
| 300 ## - DESCRIPCIÓN FÍSICA | |
| Extensión | 64 p. ; |
| Dimensiones | 25 cm. |
| 650 04 - PUNTO DE ACCESO ADICIONAL DE MATERIA--TÉRMINO DE MATERIA | |
| Término de materia o nombre geográfico como elemento de entrada | Enseñanza- |
| Subdivisión geográfica | España- |
| Subdivisión cronológica | S.XIX |
| 9 (RLIN) | 12286 |
| 852 ## - LOCALIZACIÓN | |
| Ubicación | ES-MaACL |
| Número de control de estantería | T-387-F-3 |
| Nota libre | - Enc. hol., falto de cub. original |
| -- | - Enc. en un vol. facticio |
| -- | .- En port:: Sello de "Los Escolares Médicos" y firma de Gustavo Saenz Díez |
| Estatus retirado | Estado de pérdida | Estado de daño | No para préstamo | Colección | Biblioteca de origen | Biblioteca actual | Ubicación en estantería | Fecha de adquisición | Total de préstamos | Signatura topográfica completa | Código de barras | Visto por última vez | Precio de reemplazo | Tipo de ítem Koha |
|---|---|---|---|---|---|---|---|---|---|---|---|---|---|---|
| Colección de folletos | Biblioteca del Ateneo de Madrid | Biblioteca del Ateneo de Madrid | Depósito folletos | 17/01/2008 | T-387-F-3 | 1167661 | 23/02/2023 | 23/02/2023 | Folleto |
